British Geography by Letter - G - Statistics

General Stats
  • This quiz has been taken 287 times
  • The average score is 13 of 20
Answer Stats
Hint Answer % Correct
Most populous city in Scotland Glasgow
100%
Overseas territory in Iberia Gibraltar
90%
One of the Channel Islands Guernsey
88%
Celtic language family the Irishand Scottish are part of Gaelic
87%
Europe's biggest island Great Britain
87%
Royal Observatory location Greenwich
87%
Northern Irish basalt columns {Giant}'{s} Causeway
86%
One of London's main airports Gatwick
85%
Shakespearean theatre that wasreconstructed in 1997 Globe Theatre
85%
Town that gives its name to theUK's largest music festival Glastonbury
82%
Nickname of Aberdeen {Granite} City
73%
Nickname for someonefrom Newcastle Geordie
72%
Cathedral city on the river Severn Gloucester
63%
Term for a deep valley, mentioned in the song "Danny Boy" Glen
60%
Town located right south of Newcastle,on the other side of the River Tyne Gateshead
38%
Largest of the Cayman Islands Grand Cayman
34%
Capital of Cayman Islands George Town
33%
Historic region of southwestern Scotland Galloway
25%
Famous spaghetti junctionin Birmingham {Gravelly} Hill
12%
Village in that region where Glesga
1%
No matching quizzes found
Score Distribution
Percent of People with Each Score
Percentile by Number Answered
Your Score History
You have not taken this quiz